| 000 | 00386nam a2200157 4500 | ||
|---|---|---|---|
| 005 | 20260116105731.0 | ||
| 020 | _a9789360748531 | ||
| 082 |
_a658.404 _bNAG.P |
||
| 084 | _2Colon Classification | ||
| 100 |
_aNagarajan,K _98057 |
||
| 245 | _aProject management | ||
| 250 | _a9th ed. | ||
| 260 |
_a NewDelhi: _bNew Age International, _c2025. |
||
| 300 | _a735p. | ||
| 942 |
_2ddc _c GIF |
||
| 999 |
_c755130 _d755130 |
||